000
00338nam a2200133Ia 4500
008
240126s9999 xx 000 0 und d
041
_a
English
082
_a
LIBRARY-MBA
245
0
_a
Gyan Management
260
_b
Gian Jyoti Institute of management & technology
_a
Punjab
440
_a
NULL
650
_a
Gyan,Management
942
_c
JN
999
_c
277421
_d
277421